000 01299nam a22003017i 4500
999 _c23363
_d23363
003 AR-CdUCM
008 250819b20192019 pe||||| |||| 00| 0 spa d
020 _a978-612-4392-28-8
040 _aMUNICIPALIDAD PROVINCIAL DEL CUSCO
_cBIBLIOTECA MUNICIPAL DEL CUSCO
041 _hspa
082 _a378.101 / E88
_bE88
100 _aEspinoza Sánchez, Raimundo
_951377
245 _aGestión Universitaria con Visión Empresarial /
260 _aCusco :
_bUniversidad Andina del Cusco - UAC
_c2019
300 _a267 páginas. :
_bIlustraciones
_c30x21 cm.
500 _zPáginas 265-267
505 _aLa sociedad del conocimiento -- Nuevas fronteras de la ciencia -- Redes sociales esencia de la mundialización -- La revolución digital y la visualización de la educación universitaria -- La universidad virtual en las sociedades del conocimiento -- Innovación de la gestión universitaria
650 _aUniversidad siglo XXI
_951378
650 _aglobalización
_951379
650 _aRedes sociales
_944393
650 _aLas universidades del futuro
_951380
650 _aDireccionamiento estratégico
_951381
650 _aGestión empresarial
_98140
650 _aPlanificación estratégica
_912711
856 _fwww.uandina.edu.pe
942 _2ddc
_cLIBROS
945 _apbjr
_d19-08-2025